Normal view
MARC view
- Mallery, Paul
Entry Personal Name
001 - CONTROL NUMBER
- control field: 60642
003 - CONTROL NUMBER IDENTIFIER
- control field: NUST
005 - DATE AND TIME OF LATEST TRANSACTION
- control field: 20210628202606.0
008 - FIXED-LENGTH DATA ELEMENTS
- fixed length control field: 210628|| aca||aabn | a|a d
040 ## - CATALOGING SOURCE
- Original cataloging agency: NUST
- Transcribing agency: NUST
100 ## - HEADING--PERSONAL NAME
- Personal name: Mallery, Paul
670 ## - SOURCE DATA FOUND
- Source citation: Work cat.: (NUST): George, Darren 60640, Spss for windows step by step,a simple guide and reference 18.0 update, 2014
